ՀՀ Գիտությունների ազգային ակադեմիայի հիմնարար գիտական գրադարան  =   Fundamental Scientific Library of NAS RA
Normal view MARC view

Entry Personal Name

Number of records used in: 1

001 - CONTROL NUMBER

  • control field: 781

003 - CONTROL NUMBER IDENTIFIER

  • control field: AM-YEHGA

005 - DATE AND TIME OF LATEST TRANSACTION

  • control field: 20250617070422.0

008 - FIXED-LENGTH DATA ELEMENTS

  • fixed length control field: 040903 a|ac|n|aab||||||||||||a |n|||||||

040 ## - CATALOGING SOURCE

  • Original cataloging agency: AM-YEHGA

100 1# - HEADING--PERSONAL NAME

  • Personal name: Պեյլերյան, Մառի,
  • Dates associated with a name: 1880-1915

400 1# - SEE FROM TRACING--PERSONAL NAME

  • Personal name: Պեյլերեան, Մառի,
  • Dates associated with a name: 1880-1915

400 1# - SEE FROM TRACING--PERSONAL NAME

  • Personal name: Պէյլէրեան, Մառի,
  • Dates associated with a name: 1880-1915

400 1# - SEE FROM TRACING--PERSONAL NAME

  • Personal name: Պէյլէրեան, Մ.
  • Fuller form of name: (Մառի),
  • Dates associated with a name: 1880-1915

400 1# - SEE FROM TRACING--PERSONAL NAME

  • Personal name: Պեյլերյան, Մառի,
  • Dates associated with a name: 1877-1915

400 0# - SEE FROM TRACING--PERSONAL NAME

  • Personal name: Կալիպսո,
  • Dates associated with a name: 1877-1915

400 0# - SEE FROM TRACING--PERSONAL NAME

  • Personal name: Մառի,
  • Dates associated with a name: 1877-1915

400 1# - SEE FROM TRACING--PERSONAL NAME

  • Personal name: Пейлерян, Мари,
  • Dates associated with a name: 1880-1915

400 1# - SEE FROM TRACING--PERSONAL NAME

  • Personal name: Peyleryan, Mari,
  • Dates associated with a name: 1880-1915

670 ## - SOURCE DATA FOUND

  • Source citation: Հովակիմյան Բախտիար։ Հայոց ցեղասպանության նահատակ գործիչների ծածկանուններ, 2002 :
  • Information found: էջ72 (Պեյլերյան Մառի (ծ. 10.3.1877թ. Կ.Պոլսում - սպանվելէ 1915թ.) - խմբագիր)

670 ## - SOURCE DATA FOUND

  • Source citation: Հայկական համառոտ հանրագիտարան, 2003 :
  • Information found: հ.4 (Պեյլերյան Մառի (1880, Կ.Պոլիս - 1915, Մեծ եղեռնի զոհ), խմբագիր, մանկավարժ, հաս. գործիչ)

670 ## - SOURCE DATA FOUND

  • Source citation: Դէպի վեր1914.
  • Information found: Պէյլէրեան, Մառի

678 ## - BIOGRAPHICAL OR HISTORICAL DATA

  • Biographical or historical data: Այս հեղինակի ծննդ. տարեթիվն ունի տարբերակներ՝ 1877 և 1880։ Ըստ 2003թ. հրատ. աղբյուրի՝ հիմք է ընդունվել 1880թ.

678 ## - BIOGRAPHICAL OR HISTORICAL DATA

  • Biographical or historical data: Հայոց ցեղասպանության նահատակ


ՀՀ ԳԱԱ հիմնարար գիտական գրադարան
ՀՀ,Երևան 0019
Մարշալ Բաղրամյան 24/6
հեռախոս:(374-10) 52-47-50
Հետադարձ կապ

All site content, except where otherwise noted, is licensed under a
Creative Commons License